000 00650nam a2200229Ia 4500
003 OSt
005 20220927105205.0
006 a|||||r|||| 00| 0
007 ta
008 220926b |||||||| |||| 00| 0 eng d
024 _a162155
037 _cReference Collections
040 _aRTL
_cRTL
_beng
041 _2eng
_aeng
082 _a"Y:5.2sN91, N5.1"
100 _a"Census of India, 1991"
_9370746
245 0 _aPaper 1 of 1995
_b Religion
260 _aIndia
_bGovt. Press
_c1991
300 _a"XXIII, 111p"
_ccm.
942 _h"Y:5.2sN91, N5.1"
_cCC
999 _c691062
_d691062